00730nam a2200229Ia 450000500170000000800410001702000180005804000140007604100150009008200150010510000240012024500290014426000460017330000230021949000140024252100220025665000500027894200450032894200140037399900190038795200940040620231130103927.0230213s9999 xx 000 0 und d a9781430800606 aDLCc3228 2EaEnglish a652.5 IMME aIMMELMAN, P9129262 0aINFORMATION PROCESSING / a Northcliff:bTroupant Publishers,c 2012 a134 pages.:c30 cm aFET first ahigher education  aProblems and exercisesz South Africa9185122 w561xJohn Tresiddery5815zPontsho Maoko cBOOK2ddc c744005d744004 00104070aLEBOLbLEBOLd2023-02-13l0oST 652.5 IMMEp67795r2023-02-13w2023-02-13yBK